000 01046nam0a22002411 4500
001 rc\4524731
005 20250611190941.0
035 _a(NLR Aleph) 008352930
090 _a8949180
_c8949180
100 _a20130416d1964 |||y0rusy50 ca
101 0 _arus
102 _aRU
105 _aa z |||||
200 1 _aЭлементы релейно-контактных логических схем в устройствах промышленной автоматики
_f[Гос. Ком. Совета Министров РСФСР по координации науч.-исслед. работ. Гос. Науч.-исслед. ин-т науч. и техн. информации]
210 _aМосква
_cБ. и.
_d1964
215 _a11 с.
_cчерт.
_d14
225 1 _aПередовой научно-технический и производственный опыт
_v№ 26-64-201/6
700 1 _aКарташян
_bК.В.
801 0 _aRU
_bNLR
_gpsbo
801 1 _aRU
_bELAR
_2rusmarc
852 _aNLR
_jП11/2295
942 _cBOOK
980 _aNB